000 00746nam a22001937a 4500
999 _c179011
_d179011
005 20210512113928.0
010 _aENG-129498
020 _a978-81-88643-75-2
_c295.00
035 _aEN-113030
037 _bDBAD/PUB
082 _a304.8095411
100 _aKashinath Pandit
245 _aKashmiri Pandits Through Fire and Brimstone/
_cKashinath Pandit and Piaray Lal Koul Budgami
260 _bAkshaya Prakashan
_aDelhi
_c2020
270 _a208, M G House, 2 Community Centre, Wazirpur Industrial Area
_bDelhi
_e110052
_mharish@akshayaprakashan.com
_k011-47049292, 9818452269
300 _axxiii+150p.
_c22cm(pbk)
_bincluding illustrations and index.
700 _aPiaray Lal Koul Budgami
942 _2ddc
_cEN
_h304.8095411
_mKAS